Statistics for Category Elimination - U.S. States #1

Click here to take the quiz!

General Stats

  • This quiz has been taken 38,179 times
  • The average score is 11 of 16

Answer Stats

Group # Category % Correct
Green44States with at least 1 million people
100%
Green23... which are landlocked
98%
Yellow41States with a land area over 10,000 mi²
94%
Yellow30... which contain the letter A
93%
Yellow11... are part of the South Census Region
91%
Green3... that share a land border with Canada
90%
Blue28States with a vowel in their 2-letter abbreviations
84%
Pink29States that don't end with the letter A
82%
Pink18... with 8 or more letters in their name
80%
Blue15... with a maximum elevation over 1000m
79%
Green1... and don't begin with the letter MIdaho
62%
Pink6... whose Capital is their largest city
57%
Blue3... which were included in the Louisiana Purchase
44%
Pink1... and have a minimum elevation over 100mColorado
21%
Yellow1... and have fewer than 2 million peopleWest Virginia
19%
Blue1... whose Capital contains exactly 7 lettersNebraska
17%

Score Distribution

Percentile by Number Answered

Percent of People with Each Score

Your Score History

You have not taken this quiz